000 00444nam a2200169 a 4500
001 0000-8878
003 ELIB.Books
008 110520 1962
035 _a(ELIB.Books)0000-9026
082 _a266
_bSko
100 _aSkoglund, John E.
245 _aTo the Whole Creation: the Church is Mission
260 _bValley Forge: The Jadson Press
_c1962
650 _aMission
942 _2ddc
_cBK
998 _cbat
_e2011-05-20
999 _c8878
_d8878